01155nam a2200193Ia 4500001001100000003001000011008004100021040002500062041001300087100001800100245005200118250001100170260009200181300002700273500026200300501011400562520026200676650002300938L250-16690IT-CnALBA170116s9999||||xx |||||||||||||| ||und|| aIT-CnALBAcIT-CnALBA aITALIANO aTHIEDE WERNER 0aL'ILARITA' PROMESSA. L'UMORISMO E LA TEOLOGIA.  a1a ed. aCINISELLO BALSAMO (MI)bEDIZIONI PAOLINEc1989 [1° Ed.:1989 - Ed.Ling.Originale: 1986] a192 p. (prefazione: 5) aTRATUZIONE DAL TEDESCO DI PETER ORBAN. IL ROSO, ESPRESSIONE DELLA COSCIENZA UMANA. FENOMENO FISIOLOGICO. MEDICINA. ESPRESSIONE DI GIOIA. EFFICACIA SOCIALE. NELL'ANTICO TESTAMENTO. GESÙ. I REDENTI. RISO DEGLI DEI. BUDDHA. FU GA DAL DOLORE. FREUD. KIERKEGAA aSocietà San Paolo EM - Piazza San Paolo, 14 - 12051 ALBA (CN) (non commercial uses only) ® Copyright 2017 aTRATUZIONE DAL TEDESCO DI PETER ORBAN. IL ROSO, ESPRESSIONE DELLA COSCIENZA UMANA. FENOMENO FISIOLOGICO. MEDICINA. ESPRESSIONE DI GIOIA. EFFICACIA SOCIALE. NELL'ANTICO TESTAMENTO. GESÙ. I REDENTI. RISO DEGLI DEI. BUDDHA. FU GA DAL DOLORE. FREUD. KIERKEGAA aTEOLOGIA PASTORALE